Central Library OPAC University of Rajshahi

Muslim conduct of state : (Record no. 32958)

MARC details
000 -LEADER
fixed length control field 00955nam a22002412a 4500
001 - CONTROL NUMBER
control field 32958
003 - CONTROL NUMBER IDENTIFIER
rucl marc code BD-RjUL
005 - DATE AND TIME OF LATEST TRANSACTION
control field 20211209051925.0
008 - FIXED-LENGTH DATA ELEMENTS--GENERAL INFORMATION
fixed length control field 860101s1961 xx 001 0 engxd
035 ## - SYSTEM CONTROL NUMBER
System control number (BD-RjUL)33048
040 ## - CATALOGING SOURCE
Original cataloging agency OSU
Transcribing agency OSU
Modifying agency EQO
-- BD-RjUL
Language of cataloging eng
041 ## - LANGUAGE CODE
Language code of text/sound track or separate title eng
082 ## - DEWEY DECIMAL CLASSIFICATION NUMBER
Classification number 340.59
Author mark and year HAM 1961
100 1# - MAIN ENTRY--PERSONAL NAME
Personal name Hamidullah, Muhammad.
9 (RLIN) 100178
245 10 - TITLE STATEMENT
Title Muslim conduct of state :
Remainder of title being a treatise on Siyar ..., that is, Islamic notion of public international law, consisting of the laws of peace, war, and neutrality, together with precedents from orthodox practices and preceded by a historical and general introduction. /
Statement of responsibility, etc. Muhammad Hamidullah
250 ## - EDITION STATEMENT
Edition statement 4th ed.,rev.and enl
260 ## - PUBLICATION, DISTRIBUTION, ETC. (IMPRINT)
Place of publication, distribution, etc. Lahore :
Name of publisher, distributor, etc. Sh.Muhammad Ashraf,
Date of publication, distribution, etc. 1961.
300 ## - PHYSICAL DESCRIPTION
Pagination xi, 383 p. ;
Size 22 cm
504 ## - BIBLIOGRAPHY, ETC. NOTE
Bibliography, etc Includes Bibliography: p.336-355 and index.
650 #0 - SUBJECT ADDED ENTRY--TOPICAL TERM
Topical term or geographic name as entry element International law (Islamic law)
9 (RLIN) 100179
942 ## - ADDED ENTRY ELEMENTS (KOHA)
Source of classification or shelving scheme Dewey Decimal Classification
Koha item type Books
Holdings
Lost status Source of classification or shelving scheme Damaged status Not for loan Collection code Permanent Location Current Location Shelving location Date acquired Source of acquisition Cost, normal purchase price Total Checkouts Full call number Date last seen Copy number Koha item type
  Dewey Decimal Classification     Non-fiction Central Library, University of Rajshahi Central Library, University of Rajshahi   18/01/1963 Faruk Library 0.00   340.59 HAM 1961 29/04/2014 C-5 Books
  Dewey Decimal Classification     Non-fiction Central Library, University of Rajshahi Central Library, University of Rajshahi   22/08/1973 Nowroze Kitabistan. 15.00   340.59 HAM 1961 29/04/2014 C-10 Books
  Dewey Decimal Classification     Non-fiction Central Library, University of Rajshahi Central Library, University of Rajshahi   29/04/2014       340.59 HAM 1961 29/04/2014 C-7 Books
  Dewey Decimal Classification     Non-fiction Central Library, University of Rajshahi Central Library, University of Rajshahi   21/04/1965 Idial Library 12.50   340.59 HAM 1961 29/04/2014 C-9 Books
  Dewey Decimal Classification     Non-fiction Central Library, University of Rajshahi Central Library, University of Rajshahi   28/11/1955 Warsi book corporation, Dhaka 12.80   340.59 HAM 1961 22/05/2014 C-3 Books